000 00697nam a22002177a 4500
003 UA-OsUOA
001 65910
007 ta
008 20091214b un ||||| |||| 00| 0 ukr d
100 _aКохлютина И.
090 _a330
_bК75
942 _cSA
040 _aUA-OsUOA
_brus
_cUA-OsUOA
_dUA-OsUOA
245 _aВнешнеэкономические аспекты информационной безопасности: современные методы анализа
300 _aС.15-21
955 _a0
041 _arus
080 _a330
773 0 _w65909
_tМеждународная экономика
_dМ.
_d2009
_g11
650 7 _a330 Економіка взагалі
_2UDC
999 _c351524
_d351524